Štúdia skrutkových spojov pri montáži : Diplomová práca

Guardado en:
Detalles Bibliográficos
Autor principal: Rehák, Vladimír (Autor)
Otros Autores: Štefánek, Michal, 1940- (xxx)
Formato: Manuscrito Libro
Lenguaje:eslovaco
Publicado: Trnava : STU v Bratislave MtF KOM, 2002
Materias:
Etiquetas: Agregar Etiqueta
Sin Etiquetas, Sea el primero en etiquetar este registro!

MARC

LEADER 00000ntm a22000003a 4500
001 stu76304
005 20160719155032.6
008 020626s2002----xo------------------slo-d
040 |a STU  |b slo 
041 0 |a slo 
044 |a xo 
100 1 |a Rehák, Vladimír  |4 aut 
245 1 |a Štúdia skrutkových spojov pri montáži :  |b Diplomová práca 
260 |a Trnava :  |b STU v Bratislave MtF KOM,  |c 2002 
300 |a 70 s  |c abstr. 
650 7 |a skrutkové spoje  |2 stusub 
650 7 |a strojárske technológie  |2 stusub 
700 1 |a Štefánek, Michal,  |d 1940-  |4 xxx  |u M160  |U MTF Ústav výrobných technológií  |T MTF Katedra obrábania a montáže  |X 1475  |U M160  |Y M160  |7 A000001475